[Event "VII Open A"]
[Site "Bergamo ITA"]
[Date "2008.09.12"]
[Round "1"]
[White "Maccarini, Luca Nicola"]
[Black "Panjkovic, Aleksandar"]
[Result "1/2-1/2"]
[WhiteElo "1920"]
[BlackElo "2148"]
[PlyCount "92"]
[EventDate "2008.09.12"]

1. d4 f5 2. Nf3 Nf6 3. c4 e6 4. Nc3 Bb4 5. Bg5 O-O 6. e3 c5 7. Bxf6 Qxf6 8. a3
Ba5 9. Be2 Nc6 10. O-O Bxc3 11. bxc3 Rd8 12. Nd2 d6 13. Bf3 e5 14. Bd5+ Kh8 15.
Bxc6 bxc6 16. d5 cxd5 17. cxd5 Bd7 18. Qe2 e4 19. c4 Rab8 20. Rfb1 Rb2 21. Rxb2
Qxb2 22. Qd1 Ba4 23. Qc1 Qxc1+ 24. Rxc1 Rb8 25. Rb1 Rxb1+ 26. Nxb1 Bc2 27. Nd2
Bd3 28. f3 g5 29. Kf2 Kg7 30. fxe4 fxe4 31. Kg3 Kg6 32. Kf2 Kf5 33. Kg3 h6 34.
Kf2 h5 35. Ke1 h4 36. Kf2 g4 37. g3 hxg3+ 38. hxg3 Kf6 39. Ke1 Ke7 40. Kd1 Kd7
41. Kc1 Kc7 42. Kb2 Kb6 43. Kc3 Ka5 44. Nb3+ Kb6 45. Nd2 Ka5 46. Nb3+ Kb6
1/2-1/2

[Event "VII Open A"]
[Site "Bergamo ITA"]
[Date "2008.09.12"]
[Round "1"]
[White "Reduzzi, Maurizio"]
[Black "Sumets, Andrey"]
[Result "1/2-1/2"]
[WhiteElo "2093"]
[BlackElo "2534"]
[PlyCount "98"]
[EventDate "2008.09.12"]

1. d4 Nf6 2. Nf3 d5 3. c4 e6 4. Nc3 Bb4 5. cxd5 exd5 6. Bg5 O-O 7. Qc2 c5 8. e3
h6 9. Bh4 cxd4 10. Nxd4 Nc6 11. Be2 Nxd4 12. exd4 Qb6 13. Bxf6 Qxf6 14. O-O
Qxd4 15. Rfd1 Qc5 16. Rxd5 Qc7 17. Qb3 Bxc3 18. Qxc3 Qxc3 19. bxc3 Be6 20. Rb5
Rfc8 21. Bf3 Rxc3 22. Rxb7 Rac8 23. h3 Ra3 24. Bg4 Bxg4 25. hxg4 g5 26. Rb2 Rc4
27. f3 Rca4 28. Kf2 Kg7 29. Kg3 Kg6 30. Rc2 Ra6 31. Rd2 R3a5 32. Rc2 f5 33.
gxf5+ Kxf5 34. a4 Rxa4 35. Rc5+ Kg6 36. Rxa4 Rxa4 37. Rc6+ Kh5 38. Kh3 g4+ 39.
fxg4+ Rxg4 40. Ra6 Rg7 41. Ra5+ Kg6 42. Ra6+ Kh7 43. g4 Kg8 44. Kh4 Rb7 45. Kh5
Rb5+ 46. Kxh6 Rb6+ 47. Rxb6 axb6 48. Kg5 b5 49. Kf4 Kg7 1/2-1/2

[Event "VII Open A"]
[Site "Bergamo ITA"]
[Date "2008.09.12"]
[Round "1"]
[White "Sanchez, Joseph"]
[Black "Di Pietro, Davide"]
[Result "1-0"]
[WhiteElo "2486"]
[BlackElo "2020"]
[PlyCount "51"]
[EventDate "2008.09.12"]

1. e4 e5 2. Nf3 Nc6 3. Nc3 Nf6 4. Bb5 d6 5. d4 exd4 6. Nxd4 Bd7 7. Bxc6 bxc6 8.
Qf3 c5 9. Nf5 Bxf5 10. exf5 Rb8 11. b3 Be7 12. Bb2 d5 13. O-O-O d4 14. g4 Nd7
15. Ne4 Qc8 16. Rhg1 Qa6 17. Kb1 Rb7 18. g5 Kd8 19. f6 gxf6 20. gxf6 Bf8 21.
Ng5 Ne5 22. Qd5+ Bd6 23. f4 Ng6 24. Nxf7+ Kd7 25. Nxh8 Nxh8 26. Rg7+ 1-0

[Event "VII Open A"]
[Site "Bergamo ITA"]
[Date "2008.09.12"]
[Round "1"]
[White "Scipioni, Gaetano"]
[Black "Drazic, Sinisa"]
[Result "0-1"]
[WhiteElo "2077"]
[BlackElo "2505"]
[PlyCount "54"]
[EventDate "2008.09.12"]

1. d4 Nf6 2. Nf3 c6 3. Bf4 Qb6 4. Qc1 d5 5. e3 Bf5 6. c4 e6 7. Nc3 Nbd7 8. Be2
h6 9. h3 Be7 10. O-O O-O 11. a3 Rfe8 12. b4 Ne4 13. c5 Qd8 14. b5 Qa5 15. Nxe4
Bxe4 16. bxc6 bxc6 17. Qd2 Qa4 18. Qb4 Qc2 19. Rfe1 Bxf3 20. Rac1 Qxe2 21. Rxe2
Bxe2 22. Qb7 e5 23. Bg3 exd4 24. exd4 Nxc5 25. dxc5 d4 26. Qxc6 d3 27. Bf4 Bg5
0-1

[Event "VII Open A"]
[Site "Bergamo ITA"]
[Date "2008.09.12"]
[Round "1"]
[White "Todorov, Todor"]
[Black "Astengo, Marcello"]
[Result "1-0"]
[WhiteElo "2504"]
[BlackElo "2075"]
[PlyCount "41"]
[EventDate "2008.09.12"]

1. e4 e6 2. d4 d5 3. exd5 exd5 4. Bd3 Nf6 5. h3 c5 6. c3 Nc6 7. Nf3 Bd6 8. O-O
O-O 9. Re1 Qb6 10. b3 Be6 11. Na3 Qa5 12. dxc5 Qxc3 13. Be3 Qa5 14. Nb5 Bb8 15.
a3 a6 16. Nd6 Qc7 17. Qc2 h6 18. Qc1 Ne4 19. Bxh6 Nxc5 20. Bxg7 Nxd3 21. Qh6
1-0

[Event "VII Open A"]
[Site "Bergamo ITA"]
[Date "2008.09.12"]
[Round "1"]
[White "Vezzosi, Paolo"]
[Black "Angelini, Marco"]
[Result "1-0"]
[WhiteElo "2352"]
[BlackElo "1987"]
[PlyCount "59"]
[EventDate "2008.09.12"]

1. d4 Nf6 2. c4 g6 3. Nc3 d5 4. Nf3 Bg7 5. Bf4 O-O 6. Rc1 c6 7. e3 Bf5 8. Bd3
dxc4 9. Bxc4 Nbd7 10. O-O Ne4 11. Nxe4 Bxe4 12. Ng5 Nf6 13. Qb3 Bd5 14. Qxb7
Bxc4 15. Rxc4 Nd5 16. Bg3 Qa5 17. Rxc6 Qxa2 18. h4 a5 19. Rc2 h6 20. Nf3 Nb4
21. Rd2 Rac8 22. Qxe7 Rc2 23. Rxc2 Nxc2 24. Qc7 Nb4 25. Bd6 Re8 26. h5 g5 27.
Qd7 Re6 28. Rc1 Qd5 29. Qd8+ Kh7 30. Rc8 1-0

[Event "VII Open A"]
[Site "Bergamo ITA"]
[Date "2008.09.12"]
[Round "2"]
[White "Angelini, Marco"]
[Black "Bellavita, Guido"]
[Result "1-0"]
[WhiteElo "1987"]
[BlackElo "2101"]
[PlyCount "73"]
[EventDate "2008.09.12"]

1. e4 g6 2. d4 Bg7 3. Nc3 d6 4. Be3 a6 5. Qd2 b5 6. a4 b4 7. Nd1 a5 8. c3 bxc3
9. bxc3 Nf6 10. f3 Ba6 11. Bxa6 Nxa6 12. Ne2 c5 13. O-O O-O 14. Nf2 cxd4 15.
cxd4 Nb4 16. Nd3 Nxd3 17. Qxd3 Qd7 18. Nc3 Rfc8 19. Rab1 Qc6 20. Rfc1 Qc4 21.
Qd2 Qa6 22. Nb5 Ne8 23. Rxc8 Rxc8 24. Rc1 e6 25. Rxc8 Qxc8 26. Qxa5 Qc2 27. Qd8
Qd1+ 28. Kf2 Qc2+ 29. Kg3 Qc6 30. d5 exd5 31. exd5 Be5+ 32. f4 Bf6 33. Qxf6 Qd7
34. Qc3 h5 35. h3 Ng7 36. Kh2 Qf5 37. Nxd6 1-0

[Event "VII Open A"]
[Site "Bergamo ITA"]
[Date "2008.09.12"]
[Round "2"]
[White "Astengo, Marcello"]
[Black "Giannetta, Paolo"]
[Result "1-0"]
[WhiteElo "2075"]
[BlackElo "1934"]
[PlyCount "85"]
[EventDate "2008.09.12"]

1. d4 Nf6 2. c4 d6 3. Nc3 Nbd7 4. e4 e5 5. Nf3 Be7 6. Be2 O-O 7. O-O c6 8. b3
Re8 9. Bb2 Qc7 10. Qc2 exd4 11. Nxd4 Nc5 12. Rad1 Bf8 13. f3 a5 14. Rfe1 Nh5
15. Qd2 g6 16. Bf1 Be6 17. Nce2 Qb6 18. Kh1 Rad8 19. g4 Nxe4 20. fxe4 Bxg4 21.
Bg2 d5 22. exd5 cxd5 23. cxd5 Bb4 24. Bc3 Bxc3 25. Qxc3 Nf6 26. Ne6 fxe6 27.
Qxf6 Rf8 28. Qd4 Qxd4 29. Rxd4 Bxe2 30. Rxe2 exd5 31. Rxd5 Rf1+ 32. Bxf1 Rxd5
33. Kg1 Kf7 34. Kf2 b6 35. Bg2 Rc5 36. Ke3 g5 37. Kd4 Kf6 38. Rf2+ Kg7 39. Bd5
h5 40. Bc4 Rc7 41. Rf5 Kg6 42. Bd3 Kg7 43. Rxg5+ 1-0

[Event "VII Open A"]
[Site "Bergamo ITA"]
[Date "2008.09.12"]
[Round "2"]
[White "Brugo, Marco"]
[Black "Vezzosi, Paolo"]
[Result "1/2-1/2"]
[WhiteElo "2107"]
[BlackElo "2352"]
[PlyCount "35"]
[EventDate "2008.09.12"]

1. d4 Nf6 2. c4 e6 3. Nc3 Bb4 4. e3 b6 5. Bd3 Bb7 6. Nf3 O-O 7. O-O d5 8. Na4
Nbd7 9. c5 bxc5 10. a3 Ba5 11. Nxc5 Rb8 12. Qc2 Ba8 13. Ne5 g6 14. Qa4 Nxe5 15.
dxe5 Bb6 16. Na6 Nd7 17. Nxb8 Nxe5 18. Rd1 1/2-1/2

[Event "VII Open A"]
[Site "Bergamo ITA"]
[Date "2008.09.12"]
[Round "2"]
[White "Cardani, Roberto"]
[Black "Elitropi, Giorgio"]
[Result "0-1"]
[WhiteElo "1919"]
[BlackElo "2008"]
[PlyCount "74"]
[EventDate "2008.09.12"]

1. e4 e6 2. d4 d5 3. Nc3 Bb4 4. e5 c5 5. a3 Ba5 6. b4 cxd4 7. Nb5 Bc7 8. f4 a6
9. Nxd4 Ne7 10. Ngf3 Bd7 11. Bd3 Bb6 12. Qe2 Nf5 13. Bxf5 exf5 14. Be3 O-O 15.
O-O Nc6 16. Rfd1 Nxd4 17. Nxd4 Bxd4 18. Rxd4 Bb5 19. Qh5 Qc8 20. Qd1 Qc3 21.
Bf2 Rac8 22. Rd2 Ba4 23. Bd4 Qc4 24. Rc1 Rfe8 25. Qh5 Bd7 26. c3 Be6 27. Rcd1
Rc6 28. Qg5 Qb3 29. Rd3 Qc2 30. R1d2 Qc1+ 31. Kf2 h6 32. Qg3 Rc4 33. Rd1 Qxa3
34. Qh4 Kh7 35. h3 Qa4 36. g4 g6 37. Bc5 Rxf4+ 0-1

[Event "VII Open A"]
[Site "Bergamo ITA"]
[Date "2008.09.12"]
[Round "2"]
[White "Cecconi, Giovanni Alberto"]
[Black "Lalic, Bogdan"]
[Result "0-1"]
[WhiteElo "2206"]
[BlackElo "2533"]
[PlyCount "50"]
[EventDate "2008.09.12"]

1. Nf3 d5 2. d4 Nf6 3. c4 e6 4. g3 dxc4 5. Bg2 a6 6. O-O Nc6 7. Nc3 Rb8 8. e4
Be7 9. Be3 O-O 10. Qe2 b5 11. Rad1 Nb4 12. Ne1 Bb7 13. a3 Nc6 14. f4 Na5 15. d5
Qe8 16. dxe6 fxe6 17. Bf2 Nb3 18. Nc2 Bc5 19. e5 Bxg2 20. Kxg2 Nd7 21. Ne4 Bxf2
22. Rxf2 Ndc5 23. Ne1 Qc6 24. Kf3 Rbd8 25. Rxd8 Rxd8 0-1

[Event "VII Open A"]
[Site "Bergamo ITA"]
[Date "2008.09.12"]
[Round "2"]
[White "De Palma, Fabrizio"]
[Black "Gilardi, Davide"]
[Result "1-0"]
[WhiteElo "2005"]
[BlackElo "1819"]
[PlyCount "79"]
[EventDate "2008.09.12"]

1. Nf3 Nf6 2. d4 e6 3. e3 c5 4. Bd3 b6 5. O-O Bb7 6. b3 d6 7. Bb2 Be7 8. Nbd2
Nbd7 9. Qe2 O-O 10. c4 Qc7 11. Rac1 Rac8 12. e4 cxd4 13. Nxd4 Qb8 14. f4 Nc5
15. Bb1 Qa8 16. Rce1 Rfd8 17. Rf3 Bf8 18. Rg3 Ne8 19. h4 g6 20. h5 Ng7 21. hxg6
hxg6 22. Rh3 e5 23. fxe5 dxe5 24. N4f3 f6 25. Nh4 g5 26. Nf5 Nxf5 27. exf5 Bxg2
28. Rg3 Bb7 29. Bxe5 Re8 30. Rxg5+ fxg5 31. Qh5 Rxe5 32. Qg6+ Bg7 33. Rxe5 Bh1
34. Re2 Qc6 35. f6 Qxf6 36. Qh7+ Kf8 37. Rf2 Qxf2+ 38. Kxf2 Bd4+ 39. Kg3 Be5+
40. Kg4 1-0

[Event "VII Open A"]
[Site "Bergamo ITA"]
[Date "2008.09.12"]
[Round "2"]
[White "Di Pietro, Davide"]
[Black "Guglielmi, Dante"]
[Result "1-0"]
[WhiteElo "2020"]
[BlackElo "1918"]
[PlyCount "45"]
[EventDate "2008.09.12"]

1. d4 d5 2. c4 e6 3. Nf3 Nf6 4. Nc3 Be7 5. Bg5 Nbd7 6. e3 O-O 7. Qc2 c6 8. Bd3
Re8 9. Ne5 Nf8 10. h4 N6d7 11. Nf3 dxc4 12. Bxc4 Nb6 13. Bd3 Nd5 14. a3 f6 15.
Bf4 Nxf4 16. exf4 Bd6 17. g3 e5 18. dxe5 fxe5 19. O-O-O Qc7 20. Ng5 h6 21. Bc4+
Be6 22. Nxe6 Nxe6 23. f5 1-0

[Event "VII Open A"]
[Site "Bergamo ITA"]
[Date "2008.09.12"]
[Round "2"]
[White "Drazic, Sinisa"]
[Black "Ferretti, Folco"]
[Result "1/2-1/2"]
[WhiteElo "2505"]
[BlackElo "2284"]
[PlyCount "161"]
[EventDate "2008.09.12"]

1. d4 d5 2. c4 dxc4 3. e3 Nf6 4. Bxc4 e6 5. Nf3 c5 6. O-O a6 7. Qe2 b5 8. Bb3
Bb7 9. a4 b4 10. a5 Be7 11. Nbd2 cxd4 12. Nxd4 O-O 13. N2f3 Nc6 14. Nxc6 Bxc6
15. Nd4 Bd5 16. Rd1 Bxb3 17. Nxb3 Qc7 18. e4 Rfc8 19. Bg5 Qc2 20. Qxc2 Rxc2 21.
Nd4 Rc5 22. Nf3 h6 23. Be3 Rc4 24. Nd2 Rc2 25. b3 Rd8 26. h3 Rd3 27. Rab1 Kf8
28. Kf1 Ke8 29. Rbc1 Rdc3 30. Rxc2 Rxc2 31. Ra1 Nd7 32. Ke2 Bf6 33. Rd1 Ra2 34.
f4 Bc3 35. Kf3 Bxd2 36. Rxd2 Rxa5 37. Rd4 Rb5 38. Rc4 Kd8 39. Ke2 a5 40. Rc6 g5
41. g3 Ke7 42. Rc8 Kf6 43. Rc7 Ke7 44. e5 gxf4 45. gxf4 Rd5 46. Ra7 f6 47.
exf6+ Kxf6 48. f5 Kxf5 49. Bxh6 Ke4 50. Be3 Rd3 51. Bf2 Ne5 52. h4 Rxb3 53.
Rxa5 Rb2+ 54. Kf1 Nd3 55. Bg1 Rb1+ 56. Kg2 Nf4+ 57. Kh2 b3 58. Rb5 Kf3 59. Bd4
Kg4 60. Rb4 Nd5 61. Rb8 Rd1 62. Bg7 Rd3 63. Kg1 Kxh4 64. Kf2 Kg4 65. Rf8 Nf4
66. Ke1 Kf3 67. Bh8 Ke4 68. Rb8 e5 69. Rb4+ Kf5 70. Rb5 Ng6 71. Bg7 Kf4 72. Rb6
Nh4 73. Ke2 e4 74. Rb5 Nf5 75. Be5+ Kg4 76. Rb4 Re3+ 77. Kf2 Rf3+ 78. Ke2 Ng3+
79. Bxg3 Kxg3 80. Rxe4 b2 81. Rb4 1/2-1/2

[Event "VII Open A"]
[Site "Bergamo ITA"]
[Date "2008.09.12"]
[Round "2"]
[White "Giancotti, Eraldo"]
[Black "Sala, Giovanni"]
[Result "1-0"]
[WhiteElo "2092"]
[BlackElo "1970"]
[PlyCount "43"]
[EventDate "2008.09.12"]

1. Nf3 d5 2. d4 c6 3. Bf4 Nf6 4. e3 Bf5 5. h3 e6 6. c4 Bxb1 7. Qxb1 Bb4+ 8. Kd1
Ne4 9. Qc2 Bd6 10. Bxd6 Qxd6 11. Bd3 f5 12. cxd5 exd5 13. Ne5 O-O 14. g4 fxg4
15. Bxe4 dxe4 16. hxg4 Nd7 17. Qb3+ Kh8 18. Nf7+ Rxf7 19. Qxf7 Nf6 20. g5 Rf8
21. Qg6 Kg8 22. Rxh7 1-0

[Event "VII Open A"]
[Site "Bergamo ITA"]
[Date "2008.09.12"]
[Round "2"]
[White "Martinez, Rolly"]
[Black "Astengo, Corrado"]
[Result "1-0"]
[WhiteElo "2441"]
[BlackElo "2121"]
[PlyCount "87"]
[EventDate "2008.09.12"]

1. e4 e6 2. d4 d5 3. Nd2 Nf6 4. e5 Nfd7 5. Bd3 c5 6. c3 Nc6 7. Ne2 cxd4 8. cxd4
f6 9. exf6 Nxf6 10. Nf3 Bd6 11. O-O O-O 12. Bf4 Bxf4 13. Nxf4 Ne4 14. Qc1 Qd6
15. Ne2 Bd7 16. Qe3 Nf6 17. Ne5 Nb4 18. Nc3 Nxd3 19. Qxd3 a6 20. a4 Rae8 21.
Rfe1 Bc8 22. Re3 Nd7 23. Rh3 Nxe5 24. Qxh7+ Kf7 25. Rg3 Rg8 26. Qh5+ g6 27.
Qxe5 Qxe5 28. dxe5 Bd7 29. Ne2 Rc8 30. Rb3 Rc7 31. a5 Rb8 32. h4 Rc4 33. g3 Re4
34. Rf3+ Kg7 35. Re3 Rb4 36. Rc1 Bc6 37. b3 Rd8 38. Rd3 d4 39. Rc4 Rxb3 40.
Rxb3 d3 41. Nd4 d2 42. Rd3 Bb5 43. Nxe6+ Kh6 44. Rxd8 1-0

[Event "VII Open A"]
[Site "Bergamo ITA"]
[Date "2008.09.12"]
[Round "2"]
[White "Panjkovic, Aleksandar"]
[Black "Steffenello, Leonard"]
[Result "1/2-1/2"]
[WhiteElo "2148"]
[BlackElo "2118"]
[PlyCount "28"]
[EventDate "2008.09.12"]

1. Nf3 Nf6 2. g3 d5 3. Bg2 e6 4. d3 Bd6 5. O-O Nbd7 6. Nbd2 O-O 7. e4 c6 8. Qe2
e5 9. Nh4 Nc5 10. Nb3 dxe4 11. dxe4 Bg4 12. Qc4 Be6 13. Qe2 Bg4 14. Qc4 Be6
1/2-1/2

[Event "VII Open A"]
[Site "Bergamo ITA"]
[Date "2008.09.12"]
[Round "2"]
[White "Piantoni, Roberto"]
[Black "Sanchez, Joseph"]
[Result "0-1"]
[WhiteElo "2119"]
[BlackElo "2486"]
[PlyCount "70"]
[EventDate "2008.09.12"]

1. Nf3 d5 2. d4 Nf6 3. e3 c6 4. c4 a6 5. Nc3 Bf5 6. cxd5 cxd5 7. Qb3 Ra7 8. Be2
e6 9. O-O Nc6 10. Bd2 Bd6 11. Rac1 O-O 12. Na4 Ne4 13. Be1 Qe7 14. Nd2 e5 15.
Nxe4 Bxe4 16. f3 Bf5 17. dxe5 Bxe5 18. Qxd5 Raa8 19. Qb3 Rfe8 20. Nb6 Rad8 21.
Bc4 Qc7 22. Kh1 Be6 23. f4 Bd6 24. Bxe6 Rxe6 25. Nc4 Bc5 26. a4 Qe7 27. f5 Re4
28. f6 Qe6 29. fxg7 Bxe3 30. Rc3 Bf4 31. Bh4 Re8 32. Qc2 Bxh2 33. Bf6 Bf4 34.
Rh3 Qxc4 35. Qd1 Qxf1+ 0-1

[Event "VII Open A"]
[Site "Bergamo ITA"]
[Date "2008.09.12"]
[Round "2"]
[White "Pisani, Valerio"]
[Black "Borgo, Giulio"]
[Result "0-1"]
[WhiteElo "1707"]
[BlackElo "2442"]
[PlyCount "84"]
[EventDate "2008.09.12"]

1. Nf3 d5 2. b3 c5 3. e3 a6 4. d4 Nc6 5. Bb2 Bg4 6. Be2 e6 7. O-O Nf6 8. Ne5
Nxe5 9. dxe5 Bxe2 10. Qxe2 Nd7 11. Nd2 Be7 12. f4 O-O 13. Rfd1 Qc7 14. c4 Nb6
15. Rac1 Rfd8 16. Nf3 dxc4 17. bxc4 Rxd1+ 18. Rxd1 Rd8 19. Rd2 Qc6 20. Rxd8+
Bxd8 21. Qd3 Qd7 22. Qb3 Na4 23. Kf2 b5 24. cxb5 axb5 25. Ke2 c4 26. Qc2 Qd3+
27. Qxd3 cxd3+ 28. Kxd3 Nxb2+ 29. Kc2 Nc4 30. Kd3 Bb6 31. Nd4 Kf8 32. e4 Nb2+
33. Kc3 b4+ 34. Kxb2 Bxd4+ 35. Kb3 Be3 36. f5 Bd2 37. g4 Ke7 38. h3 Kd7 39. Kc2
Be1 40. Kb3 Kc6 41. Kc4 Kb6 42. Kb3 Kc5 0-1

[Event "VII Open A"]
[Site "Bergamo ITA"]
[Date "2008.09.12"]
[Round "2"]
[White "Pucovski, Miroslav"]
[Black "Dervishi, Erald"]
[Result "1/2-1/2"]
[WhiteElo "2346"]
[BlackElo "2544"]
[PlyCount "88"]
[EventDate "2008.09.12"]

1. e4 e5 2. Nf3 Nc6 3. Bc4 Nf6 4. d4 exd4 5. e5 d5 6. Bb5 Ne4 7. Nxd4 Bd7 8.
Bxc6 bxc6 9. O-O Bc5 10. f3 Ng5 11. f4 Ne4 12. Be3 Bb6 13. Nd2 Nxd2 14. Qxd2 c5
15. Nb3 d4 16. Bf2 Bc6 17. c4 O-O 18. f5 f6 19. Bh4 Qe8 20. exf6 gxf6 21. Rae1
Qh5 22. Qf4 Rae8 23. Re6 Rxe6 24. fxe6 Qg6 25. Rf2 Re8 26. Qxf6 Qxf6 27. Rxf6
Be4 28. Nd2 Bg6 29. e7 Ba5 30. Nb3 d3 31. Rf2 Bb6 32. Kf1 c6 33. Nd2 Bc7 34.
Rf6 Be5 35. Rxc6 Bxb2 36. Rxc5 Bc3 37. Ke1 Kf7 38. Rd5 Be4 39. Rd8 Bxg2 40.
Rxd3 Bb4 41. Kf2 Bc6 42. Nf3 Bxe7 43. Ne5+ Ke6 44. Bxe7 Kxe5 1/2-1/2

[Event "VII Open A"]
[Site "Bergamo ITA"]
[Date "2008.09.12"]
[Round "2"]
[White "Quagliarella, Sabino Remo"]
[Black "Ranfagni, Stefano"]
[Result "1-0"]
[WhiteElo "1925"]
[BlackElo "2049"]
[PlyCount "119"]
[EventDate "2008.09.12"]

1. d4 e6 2. Nf3 f5 3. c4 Nf6 4. Nc3 Be7 5. g3 O-O 6. Bg2 d6 7. O-O Nc6 8. d5
exd5 9. cxd5 Ne5 10. Nd4 Qe8 11. Ncb5 Bd8 12. Qc2 Qf7 13. Ne6 Bxe6 14. dxe6 Qh5
15. Bf4 Nfg4 16. h3 g5 17. Bxe5 Nxe5 18. Qb3 Kg7 19. e7 Bxe7 20. Nxc7 g4 21. h4
f4 22. Ne6+ Kh8 23. Nxf8 Rxf8 24. Qxb7 Ng6 25. Rac1 f3 26. exf3 gxf3 27. Bh3
Bxh4 28. Rc8 Be7 29. Rxf8+ Bxf8 30. Qc8 Kg7 31. Bg4 Qd5 32. Qd7+ Be7 33. Bf5
Qe5 34. Qe6 Qxe6 35. Bxe6 Kf6 36. Bd5 Ne5 37. Re1 Bd8 38. Re3 Bb6 39. Rb3 Ng4
40. Rxf3+ Ke5 41. Bb7 d5 42. Kg2 Nf6 43. Rb3 Ne4 44. f3 Nc5 45. Re3+ Kd6 46.
Bc8 d4 47. Re1 Nd3 48. Rb1 Nb4 49. Bf5 h6 50. a3 Nd5 51. Bd3 Ke5 52. f4+ Kf6
53. Kf3 Ne3 54. Rh1 Kg7 55. g4 Nd5 56. g5 hxg5 57. fxg5 Nc7 58. Rh7+ Kg8 59. g6
Ne8 60. Bc4+ 1-0

[Event "VII Open A"]
[Site "Bergamo ITA"]
[Date "2008.09.12"]
[Round "2"]
[White "Reduzzi, Maurizio"]
[Black "Korneev, Oleg"]
[Result "0-1"]
[WhiteElo "2093"]
[BlackElo "2631"]
[PlyCount "38"]
[EventDate "2008.09.12"]

1. d4 d5 2. Nf3 Nf6 3. c4 e6 4. Nc3 c6 5. cxd5 exd5 6. Bg5 Be7 7. e3 Bf5 8. Bd3
Bxd3 9. Qxd3 Nbd7 10. O-O O-O 11. Rab1 a5 12. a3 Re8 13. Rfc1 Ne4 14. Bf4 Bd6
15. Bg3 Bxg3 16. hxg3 Re6 17. Rc2 f5 18. Na4 Rh6 19. Rcc1 Rh1+ 0-1

[Event "VII Open A"]
[Site "Bergamo ITA"]
[Date "2008.09.12"]
[Round "2"]
[White "Salvador, Roland"]
[Black "Bozzali, Ermanno"]
[Result "1-0"]
[WhiteElo "2443"]
[BlackElo "2148"]
[PlyCount "75"]
[EventDate "2008.09.12"]

1. d4 Nf6 2. Nf3 e6 3. c4 d5 4. Nc3 Be7 5. g3 O-O 6. Bg2 dxc4 7. O-O a6 8. Ne5
Ra7 9. a4 c5 10. Be3 Nd5 11. Nxd5 exd5 12. dxc5 Nc6 13. Nf3 Be6 14. Nd4 Nxd4
15. Bxd4 Ra8 16. b4 a5 17. Rb1 Qc7 18. f4 f6 19. Qc1 axb4 20. Qe3 Bf7 21. Rxb4
Rfe8 22. Rb5 Bf8 23. Qd2 Rxa4 24. e3 Rd8 25. Rfb1 Ra7 26. Qb4 Qc8 27. Ra5 Rxa5
28. Qxa5 Bg6 29. Rb2 Rd7 30. Bh3 Qc7 31. Qb4 Re7 32. Ra2 Be8 33. Ra8 Bd7 34. c6
Bxh3 35. Bb6 Bc8 36. Bxc7 Rxc7 37. Qa5 Rxc6 38. Qxd5+ 1-0

[Event "VII Open A"]
[Site "Bergamo ITA"]
[Date "2008.09.12"]
[Round "2"]
[White "Tratar, Marko"]
[Black "Buriani, Andrea"]
[Result "1-0"]
[WhiteElo "2486"]
[BlackElo "2149"]
[PlyCount "81"]
[EventDate "2008.09.12"]

1. d4 d5 2. Nf3 Nf6 3. c4 c6 4. Qc2 dxc4 5. Qxc4 Bf5 6. g3 Nbd7 7. Bg2 Nb6 8.
Qb3 Bxb1 9. Rxb1 Qd5 10. O-O Qxb3 11. axb3 e6 12. Ne5 Rd8 13. Rd1 Nfd5 14. Ra1
a6 15. Bd2 Nb4 16. Bc3 f5 17. e4 fxe4 18. Bh3 Bd6 19. Nc4 N6d5 20. Bxe6 Rf8 21.
Rd2 Nd3 22. Re2 Be7 23. Ba5 Rb8 24. Rxe4 Nxf2 25. Re2 b6 26. Bxd5 cxd5 27. Nxb6
Rxb6 28. Bxb6 Rf6 29. Rxa6 Ne4 30. Ra8+ Kf7 31. Bd8 Bxd8 32. Rxd8 Ke6 33. Rc2
Rf5 34. b4 Ke7 35. Rg8 Kf7 36. Rcc8 Nf6 37. Rgf8+ Kg6 38. b5 Rf3 39. Rc3 Rf5
40. b6 Ne4 41. Rxf5 1-0

[Event "VII Open A"]
[Site "Bergamo ITA"]
[Date "2008.09.12"]
[Round "2"]
[White "Vincenzi, Marco"]
[Black "Todorov, Todor"]
[Result "0-1"]
[WhiteElo "2123"]
[BlackElo "2504"]
[PlyCount "64"]
[EventDate "2008.09.12"]

1. e4 g6 2. d4 Bg7 3. Nc3 c6 4. Be3 d6 5. g3 Nf6 6. h3 O-O 7. Bg2 e5 8. Nge2 b5
9. O-O Bb7 10. Kh2 Nbd7 11. f4 b4 12. dxe5 dxe5 13. Na4 exf4 14. gxf4 Qa5 15.
c3 Rfe8 16. cxb4 Qxb4 17. Nac3 Nxe4 18. Nxe4 Rxe4 19. Bxe4 Qxe4 20. Ng3 Qxe3
21. Qxd7 Qb6 22. Rae1 Rf8 23. b3 Ba6 24. Rf3 Qa5 25. Rfe3 Qxa2+ 26. Kh1 Bb5 27.
Ne4 a5 28. Ng5 a4 29. bxa4 Bc4 30. Kg1 Bd5 31. Nf3 Bd4 32. R1e2 Qxe2 0-1

[Event "VII Open A"]
[Site "Bergamo ITA"]
[Date "2008.09.13"]
[Round "3"]
[White "Astengo, Corrado"]
[Black "Angelini, Marco"]
[Result "1-0"]
[WhiteElo "2121"]
[BlackElo "1987"]
[PlyCount "66"]
[EventDate "2008.09.12"]

1. e4 c5 2. Nf3 d6 3. d4 cxd4 4. Nxd4 Nf6 5. Nc3 a6 6. Bg5 e6 7. f4 Be7 8. Qf3
Nbd7 9. O-O-O Qc7 10. g4 h6 11. Bxf6 gxf6 12. h4 b5 13. g5 hxg5 14. hxg5 Rxh1
15. Qxh1 fxg5 16. f5 Nf8 17. e5 d5 18. fxe6 fxe6 19. Qh5+ Kd8 20. Bh3 Bd7 21.
Qh8 Qb6 22. Qg8 Kc8 23. Qf7 Bc5 24. Nxd5 exd5 25. e6 Qd6 26. exd7+ Kc7 27.
d8=Q+ Kxd8 28. Nc6+ Qxc6 29. Rxd5+ Bd6 30. Qxf8+ Kc7 31. Qf7+ Kb6 32. Qf2+ Bc5
33. Qd2 33... Re8 $139 1-0

[Event "VII Open A"]
[Site "Bergamo ITA"]
[Date "2008.09.13"]
[Round "3"]
[White "Bellavita, Guido"]
[Black "Corbellini, Nicola"]
[Result "1/2-1/2"]
[WhiteElo "2101"]
[BlackElo "1963"]
[PlyCount "32"]
[EventDate "2008.09.12"]

1. c4 c5 2. g3 g6 3. Bg2 Bg7 4. Nc3 Nc6 5. e3 e6 6. Nge2 Nge7 7. d4 cxd4 8.
exd4 d5 9. cxd5 Nxd5 10. O-O O-O 11. h3 Nce7 12. Bg5 f6 13. Bd2 Bd7 14. Nf4
Nxf4 15. Bxf4 Bc6 16. Qb3 Nd5 1/2-1/2

[Event "VII Open A"]
[Site "Bergamo ITA"]
[Date "2008.09.13"]
[Round "3"]
[White "Borgo, Giulio"]
[Black "Sumets, Andrey"]
[Result "1/2-1/2"]
[WhiteElo "2442"]
[BlackElo "2534"]
[PlyCount "82"]
[EventDate "2008.09.12"]

1. e4 c5 2. Nf3 Nc6 3. Bb5 Nf6 4. Bxc6 dxc6 5. d3 Nd7 6. e5 Nb6 7. Nbd2 Bf5 8.
O-O e6 9. Re1 Be7 10. Qe2 O-O 11. Ne4 h6 12. b3 Nd5 13. Bd2 a5 14. a4 Qc7 15.
h3 Bg6 16. Ng3 Rfd8 17. h4 b5 18. h5 Bh7 19. Ne4 Bf5 20. Ng3 Bh7 21. Ne4 Nb4
22. Bc3 Bf5 23. Nh2 Nd5 24. Bb2 bxa4 25. Rxa4 Nb6 26. Ra2 a4 27. bxa4 Rxa4 28.
Rxa4 Nxa4 29. Ba1 Nb6 30. Ng4 Nd5 31. Nd2 Nf4 32. Qf3 Qa5 33. Rd1 Nd5 34. Nc4
Qa4 35. Nge3 Bh7 36. Bb2 Qb4 37. Ra1 Qb8 38. Bc1 Qb7 39. Bd2 Ra8 40. Rxa8+ Qxa8
41. g3 Qa1+ 1/2-1/2

[Event "VII Open A"]
[Site "Bergamo ITA"]
[Date "2008.09.13"]
[Round "3"]
[White "Bozzali, Ermanno"]
[Black "De Palma, Fabrizio"]
[Result "1-0"]
[WhiteElo "2148"]
[BlackElo "2005"]
[PlyCount "93"]
[EventDate "2008.09.12"]

1. d4 g6 2. e4 Bg7 3. c3 d6 4. Nf3 Nd7 5. Bc4 e6 6. O-O a6 7. Bg5 Ne7 8. Re1 h6
9. Bh4 b5 10. Bb3 Bb7 11. Nbd2 g5 12. Bg3 Ng6 13. h3 O-O 14. a4 Nf6 15. axb5
axb5 16. Qe2 Qd7 17. Nh2 c5 18. Ng4 Nh7 19. dxc5 dxc5 20. Rad1 Qc6 21. Nf3 c4
22. Bc2 Rad8 23. Nfe5 Nxe5 24. Nxe5 Bxe5 25. Bxe5 f6 26. Bd4 e5 27. Be3 Qc7 28.
b4 Rf7 29. Ra1 Rfd7 30. Ra5 Qc6 31. Qg4 Bc8 32. Qh5 Kg7 33. Rea1 Rc7 34. Ra7
Bb7 35. h4 Rcd7 36. Qg4 Nf8 37. f4 exf4 38. Bxf4 Ng6 39. hxg5 hxg5 40. Be3 Ne5
41. Qf5 Bc8 42. Bd4 Rf7 43. Rxf7+ Nxf7 44. Qc5 Qxc5 45. bxc5 Ne5 46. Ra7+ Bd7
47. Bxe5 1-0